| 000 | 00778cam a22002412 4500 | ||
|---|---|---|---|
| 001 | 0000004287 | ||
| 005 | 20151021151103.0 | ||
| 008 | 070522s xx 000 0 eng d | ||
| 020 | _a9971513889 : | ||
| 040 |
_aKABU _cKABU |
||
| 050 | 0 |
_aQA76.76 _b.O63S55 2002 |
|
| 100 | 1 |
_aSilberschatz, Abraham. _@0000154772 |
|
| 245 | 1 | 0 |
_aOperating system concepts / _cAbraham Silberschatz, Peter Baer Galvin, Greg Gagne. |
| 250 | _a6th ed. | ||
| 260 |
_aNew York : _bJohn Wiley, _cc2003. |
||
| 300 |
_axxi, 887 p. : _bill. |
||
| 650 | 0 |
_aOperating systems (Computers) _@0000146540 |
|
| 700 | 1 |
_aGalvin, Peter. _@0000154767 |
|
| 700 | 1 |
_aGagne, Greg. _@0000154768 |
|
| 852 | 1 | _9p1120 KES | |
| 908 | _a070522 | ||
| 950 | _@1 | ||
| 999 |
_c523 _d523 |
||